Loading...
| Current Events | 3 | 30.00 | 100% | 100% | 100% |
| Fine Arts - Auditory Fine Arts | 5 | 14.00 | 100% | 20% | 20% |
| Fine Arts - Other Fine Arts | 10 | 17.00 | 80% | 70% | 20% |
| Fine Arts - Visual Fine Arts | 6 | 15.00 | 100% | 50% | 0% |
| Geography | 1 | 10.00 | 100% | 0% | 0% |
| History - American History | 5 | 22.00 | 100% | 100% | 20% |
| History - European History | 6 | 23.33 | 83% | 83% | 67% |
| History - Other History | 4 | 17.50 | 100% | 75% | 0% |
| History - World History | 6 | 23.33 | 100% | 100% | 33% |
| Literature - American Literature | 4 | 15.00 | 100% | 50% | 0% |
| Literature - British Literature | 5 | 16.00 | 100% | 40% | 20% |
| Literature - European Literature | 4 | 20.00 | 75% | 75% | 50% |
| Literature - World Literature | 6 | 16.67 | 100% | 67% | 0% |
| Mythology | 4 | 20.00 | 100% | 50% | 50% |
| Other Academic | 3 | 20.00 | 67% | 100% | 33% |
| Philosophy | 5 | 18.00 | 100% | 60% | 20% |
| Religion | 4 | 17.50 | 75% | 75% | 25% |
| Science - Biology | 8 | 17.50 | 100% | 50% | 25% |
| Science - Chemistry | 5 | 12.00 | 60% | 40% | 20% |
| Science - Other Science | 5 | 14.00 | 80% | 40% | 20% |
| Science - Physics | 6 | 13.33 | 83% | 50% | 0% |
| Social Science | 6 | 16.67 | 100% | 50% | 17% |